Yunan paradoksu (Kayıt no. 6016)

MARC ayrıntıları
000 -BAŞLIK
Sabit Uzunlukta Kontrol Alanı 00818na a2200277 4500
001 - KONTROL NUMARASI
Denetim Alanı 24470
003 - KONTROL NUMARASI IDENTIFIER
Denetim Alanı MIRAKIL
005 - SON İŞLEM TARİHİ VE ZAMANI
Denetim Alanı 20181213155053.0
008 - SABİT-BOY VERİ ELEMANLARI - GENEL BİLGİLER
Sabit Uzunlukta Kontrol Alanı 181115b tu 000 0
020 ## - ULUSLARARASI STANDART KİTAP NUMARASI
Uluslararası Standart Kitap Numarası 978975817988
040 ## - KATALOGLAMA KAYNAK
Orijinal Kataloglama Ajansı Milas
Kataloglama Dili tur
Metne Dönüştürmek Ajansı TR-AnCHP
041 ## - DİL KODU
Metin / Ses Parça Veya Ayrı Başlığın Dil Kodu tur
082 ## - DEWEY ONLU SINIFLANDIRMA NUMARASI
Sınıflandırma Numarası 949.5076
Ürün Numarası A44y 1999
090 ## - SINIFLAMA NUMARASI
Sınıflama Numarası 949.5076 A44y 1999
100 ## - ANA GİRİŞ - KİŞİSEL İSİM
Kişisel Ad Allison, Graham T.
245 ## - BAŞLIK TABLOSU
Başlık Yunan paradoksu
Sorumluluk Tablosu, Vb Graham T. Allison, Kalipso Nikolaydis ; çeviren Bülent Tanatar
260 ## - YAYIN, DAĞITIM, VB
Yayın, Dağıtım, Vb Yeri İstanbul
Yayıncı, Dağıtıcı, Vs Adı Doğan Kitap
Yayın, Dağıtım, Vb Tarihi 1999
300 ## - FİZİKSEL TANIM
Kapsam 225 s.
Boyutlar 23 sm.
500 ## - GENEL NOT
Genel Not Özgün yapıt adı : The Greek paradox
504 ## - KAYNAKÇA VB NOT
Kaynakça Vb Notu Dizin var.
650 ## - KONU KATMA GİRİŞ - TOPİKAL DÖNEM
Topikal Süreli Veya Coğrafi Ad Giriş Elemanı Dış ilişkiler
Genel Alt Bölümü Yunanistan
651 ## - KONU KATMA GİRİŞ - COĞRAFİ ADI
Coğrafi İsim Yunanistan
Genel Alt Bölümü Siyaset ve yönetim
700 ## - KATMA GİRİŞ - KİŞİSEL İSİM
Kişisel Ad Tanatar, Bülent
Relator Terim çev.
700 ## - KATMA GİRİŞ - KİŞİSEL İSİM
Kişisel Ad Nikolaydis, Kalipso
942 ## - EKLENDİ GİRİŞ ELEMANLARI (KOHA)
Sınıflandırma Veya Raf Düzeni Kaynak Dewey Decimal Classification
Koha Öğesi Türü Kitaplar
999 ## - SİSTEM KONTROL NUMARALARI (KOHA)
Koha Biblionumber 6016
Koha Biblioitemnumber 6016
Mevcut
Kalıcı Konum Mevcut Konum Edinme Tarihi Edinim Kaynak Toplam Check-Out'Lar Tam Çağrı Numarası Barkod Tarih Son Görülme İtibaren Geçerli Fiyatlar Sigara Kamu Notu Koha Öğesi Türü
CHP Kütüphanesi CHP Kütüphanesi 11/15/2018 Bağış   949.5076 A44y 1999 018406 11/15/2018 11/15/2018 Bağışlayan: Ertuğrul Çepni Kitaplar